| 000 | 01617cam a22004214i 4500 | ||
|---|---|---|---|
| 003 | PE-LiUPU | ||
| 005 | 20250731183409.0 | ||
| 008 | 171204s2015 sp a rb 000 0 spa d | ||
| 020 | _a9788494430053 | ||
| 035 | _a(Sirsi) a240269 | ||
| 040 |
_aPE-LiUPU _bspa _cPE-LiUPU _erda |
||
| 049 | _aPRUA | ||
| 082 | 0 | 4 |
_a728.7 _bR84 _223 |
| 100 | 1 |
_aRos García, Juan Manuel, _eautor. |
|
| 245 | 1 | 0 |
_aArquitecturas de emergencia : _bcuestiones pendientes / _cJuan Manuel Ros García,[mas 9]. |
| 264 | 1 |
_aMadrid : _bAsimétricas, _c2015. |
|
| 300 |
_a213 páginas : _bilustraciones ; _c21 centímetros |
||
| 336 |
_atext _2rdacontent |
||
| 337 |
_aunmediated _2rdamedia |
||
| 338 |
_avolume _2rdacarrier |
||
| 504 | _aBibliografía : páginas 203-211. | ||
| 505 | 0 | _aProyecto ven -- Planificación estratégica -- construcción -- Impacto medioambiental -- Validaciones y ensayos de calidad -- Reflexiones finales. | |
| 526 | _aP158 | ||
| 526 | _aP146 | ||
| 526 | _aP17 | ||
| 526 | _aP12 | ||
| 526 | _aP06 | ||
| 526 | 8 |
_iPrograma académico : _5PE-LiUPU |
|
| 541 | _g003-1759; | ||
| 650 | 1 | 4 |
_aArquitectura _xFactores humanos. |
| 650 | 2 | 4 | _aVivienda de emergencia. |
| 650 | 2 | 4 | _aCasas prefabricadas. |
| 650 | 2 | 4 |
_aEdificios Temporales. _94378 |
| 910 |
_adbm _bksl _cksl _d20171204 |
||
| 596 | _a1 | ||
| 942 |
_2ddc _cBOOK |
||
| 999 |
_a728.7 R84 _wLC _c25934 _i77382 _d25934 _f2021-11-10 _g4 _lCCODEBUL1 _mBUL _p27.92 _q1 _r0 _sY _tBOOK _u2017-12-4 _xINGENIERIA _PP06 _0COMPRA _o.STAFF. Colección Ingeniería y Arquitectura |
||
| 980 |
_81 _gALBERTO SANCHEZ Responsable de Automatización |
||